[Event "Fouesnant op 14th"]
[Site "Fouesnant"]
[Date "2008.10.31"]
[Round "8"]
[White "Loizil, Joel"]
[Black "Durand, Bernard"]
[Result "1-0"]
[WhiteElo "1843"]
[BlackElo "1770"]
[PlyCount "44"]
[EventDate "2008.10.25"]
[EventType "swiss"]
[EventRounds "9"]
[EventCountry "FRA"]
[SourceTitle "EXT 2009"]
[Source "ChessBase"]
[SourceDate "2008.11.26"]
[SourceVersion "1"]
[SourceVersionDate "2008.11.26"]
[SourceQuality "1"]

1. c4 Nf6 2. Nf3 g6 3. g3 Bg7 4. Bg2 c5 5. Nc3 Nc6 6. d3 0-0 7. 0-0 a6 8. e3 Rb8 9. d4 cxd4 10. exd4 d6 11. Qe2 Bg4 12. Be3 e5 13. dxe5 dxe5 14. h3 Bd7 15. Rad1 Qa5 16. a3 h6 17. Nd5 Nxd5 18. Rxd5 Qc7 19. Bc5 Be6 20. Bxf8 Bxd5 21. cxd5 Nd4 22. Nxd4 Bxf8 1-0

[Event "Fouesnant op 14th"]
[Site "Fouesnant"]
[Date "2008.10.25"]
[Round "1"]
[White "Durand, Bernard"]
[Black "Roussel, Glenn"]
[Result "1-0"]
[WhiteElo "1770"]
[BlackElo "1513"]
[PlyCount "21"]
[EventDate "2008.10.25"]
[EventType "swiss"]
[EventRounds "9"]
[EventCountry "FRA"]
[SourceTitle "EXT 2009"]
[Source "ChessBase"]
[SourceDate "2008.11.26"]
[SourceVersion "1"]
[SourceVersionDate "2008.11.26"]
[SourceQuality "1"]

1. e4 e5 2. Nf3 Nc6 3. Bb5 a6 4. Ba4 Nf6 5. 0-0 b5 6. Bb3 d6 7. Ng5 d5 8. exd5 Nxd5 9. Nxf7 Kxf7 10. Qf3+ Ke8 11. Bxd5 1-0

[Event "Finistere-chB 0405"]
[Site "Finistere"]
[Date "2005.01.15"]
[Round "4"]
[White "Merlet, Louis"]
[Black "Durand, Bernard"]
[Result "1-0"]
[WhiteElo "1500"]
[BlackElo "1810"]
[PlyCount "53"]
[EventDate "2004.10.16"]
[EventType "swiss"]
[EventRounds "7"]
[EventCountry "FRA"]
[SourceTitle "EXT 2007"]
[Source "ChessBase"]
[SourceDate "2006.11.23"]
[SourceVersion "1"]
[SourceVersionDate "2006.11.23"]
[SourceQuality "1"]

1. d4 Nf6 2. c4 g6 3. Nc3 Bg7 4. Nf3 0-0 5. Bg5 d6 6. e3 h6 7. Bh4 g5 8. Bg3 Nh5 9. Bd3 Nxg3 10. hxg3 Bg4 11. Qc2 Nc6 12. a3 Rc8 13. Nd2 e5 14. d5 Ne7 15. f3 Bd7 16. Ke2 f5 17. Raf1 c6 18. Rh5 e4 19. Ndxe4 fxe4 20. Bxe4 cxd5 21. Nxd5 Nxd5 22. Bxd5+ Kh8 23. Rfh1 Qf6 24. R5h2 Bc6 25. Qc3 Bxd5 26. cxd5 Qg6 27. Rxh6+ 1-0

[Event "Finistere-chB 0405"]
[Site "Finistere"]
[Date "2004.12.18"]
[Round "3"]
[White "Durand, Bernard"]
[Black "Goyon, Nicolas"]
[Result "1-0"]
[WhiteElo "1499"]
[BlackElo "1199"]
[PlyCount "41"]
[EventDate "2004.10.16"]
[EventType "swiss"]
[EventRounds "7"]
[EventCountry "FRA"]
[SourceTitle "EXT 2007"]
[Source "ChessBase"]
[SourceDate "2006.11.23"]
[SourceVersion "1"]
[SourceVersionDate "2006.11.23"]
[SourceQuality "1"]

1. e4 e5 2. Nf3 Nc6 3. Bb5 Bd6 4. 0-0 Nf6 5. d4 Qe7 6. Re1 Nxd4 7. Nxd4 exd4 8. e5 Bxe5 9. f4 0-0 10. fxe5 Ne8 11. Qxd4 d6 12. Nc3 c6 13. Bd3 Nf6 14. Bg5 Re8 15. exf6 Qxe1+ 16. Rxe1 Rxe1+ 17. Kf2 Re5 18. Qxd6 Re8 19. fxg7 a5 20. Qh6 b5 21. Bxh7# 1-0

[Event "Fouesnant op 10th"]
[Site "Fouesnant"]
[Date "2004.10.29"]
[Round "8"]
[White "Durand, Bernard"]
[Black "Jouneau, Quentin"]
[Result "0-1"]
[WhiteElo "1499"]
[BlackElo "1810"]
[PlyCount "58"]
[EventDate "2004.10.23"]
[EventType "swiss"]
[EventRounds "9"]
[EventCountry "FRA"]
[SourceTitle "EXT 2007"]
[Source "ChessBase"]
[SourceDate "2006.11.23"]
[SourceVersion "1"]
[SourceVersionDate "2006.11.23"]
[SourceQuality "1"]

1. e4 c5 2. Nf3 Nc6 3. d4 cxd4 4. Nxd4 Nf6 5. Nc3 d6 6. Bc4 e5 7. Nxc6 bxc6 8. Bg5 Be7 9. Qd2 0-0 10. Bb3 h6 11. Be3 Ng4 12. 0-0 Ba6 13. Rfe1 Nxe3 14. Qxe3 Bg5 15. Qg3 Bf4 16. Qg4 Bc8 17. Qe2 Qf6 18. g3 Bh3 19. Qh5 Bd2 20. Qxh3 Bxe1 21. Rxe1 Rad8 22. Qf1 Qe7 23. f4 Kh8 24. f5 d5 25. exd5 cxd5 26. Bxd5 Qb4 27. Bb3 Rd2 28. Qc4 Qb6+ 29. Kh1 Qf2 0-1

[Event "Fouesnant op 10th"]
[Site "Fouesnant"]
[Date "2004.10.28"]
[Round "7"]
[White "Baugin, Alain"]
[Black "Durand, Bernard"]
[Result "1-0"]
[WhiteElo "2158"]
[BlackElo "1499"]
[PlyCount "37"]
[EventDate "2004.10.23"]
[EventType "swiss"]
[EventRounds "9"]
[EventCountry "FRA"]
[SourceTitle "EXT 2007"]
[Source "ChessBase"]
[SourceDate "2006.11.23"]
[SourceVersion "1"]
[SourceVersionDate "2006.11.23"]
[SourceQuality "1"]

1. f4 d5 2. Nf3 Nf6 3. e3 c5 4. b3 Bg4 5. Bb2 Nc6 6. Bb5 a6 7. Bxc6+ bxc6 8. h3 Bxf3 9. Qxf3 e6 10. d3 Be7 11. Nd2 Qb6 12. 0-0 0-0 13. Kh1 Nd7 14. e4 Bf6 15. e5 Be7 16. Rae1 Qa5 17. Qe2 Qxa2 18. Bc3 Qxc2 19. Rc1 1-0

[Event "Fouesnant op 10th"]
[Site "Fouesnant"]
[Date "2004.10.27"]
[Round "6"]
[White "Durand, Bernard"]
[Black "Peyre, Camille"]
[Result "1/2-1/2"]
[WhiteElo "1499"]
[BlackElo "1850"]
[PlyCount "135"]
[EventDate "2004.10.23"]
[EventType "swiss"]
[EventRounds "9"]
[EventCountry "FRA"]
[SourceTitle "EXT 2007"]
[Source "ChessBase"]
[SourceDate "2006.11.23"]
[SourceVersion "1"]
[SourceVersionDate "2006.11.23"]
[SourceQuality "1"]

1. e4 c6 2. d4 d5 3. Bd3 dxe4 4. Bxe4 Nf6 5. Bf3 Bf5 6. Ne2 e6 7. Ng3 Bg6 8. Bg5 Be7 9. c3 Qc7 10. Nd2 h6 11. Bh4 Qf4 12. Bxf6 Bxf6 13. Be4 Bxe4 14. Ngxe4 Be7 15. g3 Qf5 16. Qe2 Nd7 17. Nc4 0-0 18. g4 Qd5 19. Rd1 f5 20. Ng3 f4 21. Ne4 f3 22. Qd3 Rf4 23. Ng3 b5 24. Ne3 Qxa2 25. b4 Nb6 26. Nh5 Rf7 27. 0-0 Qa6 28. Qe4 Qc8 29. Nf4 Rf6 30. Ng6 Bd6 31. Ne5 Bxe5 32. dxe5 Rf7 33. Rd6 Qe8 34. Rfd1 Rc8 35. h4 Na4 36. Qc2 Nb6 37. g5 h5 38. R1d3 Rf4 39. Qd1 Qf7 40. Nf1 Rxh4 41. Rxf3 Rg4+ 42. Ng3 Qe7 43. Kf1 Rxg5 44. Ne4 Rxe5 45. Nc5 Rd5 46. Rxd5 exd5 47. Re3 Qh4 48. Qd3 Qc4 49. Qxc4 Nxc4 50. Re7 a5 51. bxa5 Nxa5 52. Ne6 Nc4 53. Rxg7+ Kh8 54. Rg5 Kh7 55. Rxh5+ Kg6 56. Nf4+ Kf6 57. Nd3 Nd2+ 58. Ke2 Ne4 59. Nb4 Nxc3+ 60. Kd3 Kg6 61. Re5 Ne4 62. f3 Ng5 63. f4 Ne4 64. Re6+ Kf5 65. Rxc6 Rxc6 66. Nxc6 Kxf4 67. Kd4 Nf6 68. Nb4 1/2-1/2

[Event "Fouesnant op 10th"]
[Site "Fouesnant"]
[Date "2004.10.23"]
[Round "1"]
[White "Deprez, Dominique"]
[Black "Durand, Bernard"]
[Result "0-1"]
[WhiteElo "1660"]
[BlackElo "1499"]
[PlyCount "62"]
[EventDate "2004.10.23"]
[EventType "swiss"]
[EventRounds "9"]
[EventCountry "FRA"]
[SourceTitle "EXT 2007"]
[Source "ChessBase"]
[SourceDate "2006.11.23"]
[SourceVersion "1"]
[SourceVersionDate "2006.11.23"]
[SourceQuality "1"]

1. c4 e5 2. Nc3 Nf6 3. Nf3 Nc6 4. d4 exd4 5. Nxd4 Ne5 6. b3 Bb4 7. Bb2 a6 8. g3 0-0 9. Bg2 d5 10. cxd5 Nxd5 11. Rc1 c5 12. Nf3 Nxc3 13. Qxd8 Nxf3+ 14. Bxf3 Nxa2+ 15. Qd2 Bxd2+ 16. Kxd2 Nxc1 17. Rxc1 Be6 18. Bxb7 Rab8 19. Bxa6 Rxb3 20. Be5 Ra8 21. Bd3 c4 22. Bc2 Rb5 23. f4 Ra3 24. f5 Rxe5 25. fxe6 Rxe6 26. Bf5 Rd6+ 27. Kc2 Ra2+ 28. Kb1 Rxe2 29. Rxc4 Rd1+ 30. Rc1 Rxc1+ 31. Kxc1 Rxh2 0-1